000 00392cam a22001217a 4500
008 180718b1973 xxu||||| |||| 00| 0 eng d
082 _aA81x54 In2/71/11/Pt 4
100 _aCensus of India 1971
245 _aMaharashtra: housing report and tables
260 _aDelhi
_bThe Controller of Publications
_c1973
300 _a188+p.
440 _aCensus of India 1971. Series-11, Maharashtra. Part IV
999 _c485933
_d485933